Statistics for Svenska Stadskunskaper - Kändisar

Click here to take the quiz!

General Stats

  • This quiz has been taken 45 times
  • The average score is 6 of 50

Answer Stats

HintAnswer% Correct
MalmöZlatan Ibrahimovic
40%
KöpingFilip Hammar
33%
ÄlmhultIngvar Kamprad
33%
GävleLinn Ahlborg
33%
KungsbackaFridolina Rolfö
25%
KatrineholmRobert Gustafsson
25%
LinköpingLars Winnerbäck
20%
VarbergMojje
20%
MalmbergetErik Niva
17%
StenungsundÅke Andreasson
0%
MotalaAlexander Bard
0%
ArbogaAlexander Gustafsson
0%
KarlshamnAlice Tegnér
0%
NässjöAnders Björck
0%
LidköpingAnders Järryd
0%
LudvikaAnders Kallur
0%
MoraAnders Zorn
0%
EnköpingAnna Brolin
0%
VärnamoAnnie Lööf
0%
LysekilArvid Laurin
0%
SvegBeatrice Ask
0%
FalköpingBirgit Friggebo
0%
SödertäljeBjörn Borg
0%
BoråsBjörn Hellberg
0%
TrelleborgBjörn Kjellman
0%
BodenBrolle
0%
SöderhamnBror Häger
0%
FalunCalle Halfvarsson
0%
HalmstadCarl Bildt
0%
TrollhättanClark Olofsson
0%
JönköpingDag Hammarskjöld
0%
UddevallaDaniel Norberg
0%
LjungbyEmil Krafth
0%
ÖrebroErnst Kirschsteiger
0%
LandskronaFilip Dikmen
0%
VänersborgFredrik Wikingsson
0%
SkövdeGert Wingårdh
0%
SundsvallGina Dirawi
0%
GöteborgGlenn Hysén
0%
StockholmGustaf Hammarsten
0%
KristianstadGustav Fridolin
0%
OskarshamnHåkan Juholt
0%
RonnebyHenrik Schyffert
0%
FagerstaHowlin' Pelle
0%
MärstaIngvar Storm
0%
SalaIvan Aguéli
0%
NorrtäljeJan Emanuel
0%
MariestadJan Rippe
0%
KalmarJenny Nyström
0%
ÄngelholmJill Jonsson
0%
YstadJim Gottfridsson
0%
EskilstunaJoakim Berg
0%
StrömsundJohannes Bah Kuhnke
0%
MjölbyJonna Andersson
0%
HallsbergKarin Larsson
0%
ArvikaKenny Bräck
0%
KarlskronaKim Hartman
0%
KirunaKiruna Söderberg
0%
PiteåLennart Jähkel
0%
VästervikMagnus Härenstam
0%
LundMåns Nilsson
0%
KungälvMarcus Berggren
0%
GällivareMarcus Hellner
0%
NyköpingMaria Gripe
0%
NorrköpingMarkus Krunegård
0%
LuleåMartin Ljung
0%
HelsingborgMat-Tina
0%
KristinehamnMia Skäringer
0%
BorlängeMiss Li
0%
AlingsåsMoa Lignell
0%
SollefteåMona Sahlin
0%
HudiksvallNoomi Rapace
0%
AvestaOla Salo
0%
UmeåOlof Wretling
0%
VäxjöPär Lagerkvist
0%
VästeråsPugh Rogefeldt
0%
HässleholmRobin Stjernberg
0%
ÖrnsköldsvikSofia Jakobsson
0%
KarlstadStefan Holm
0%
VisbySten Jonsson
0%
NynäshamnTherése Lindgren
0%
HärnösandThorbjörn Fälldin
0%
HallstahammarThore Skogman
0%
ÖstersundTomas Ledin
0%
BorgholmTommy Borgudd
0%
SkellefteåTommy Körberg
0%
SandvikenTotta Näslund
0%
FalkenbergUlf "Tickan" Carlsson
0%
UppsalaVeronica Maggio
0%

Score Distribution

Percentile by Number Answered

Percent of People with Each Score

Your Score History

You have not taken this quiz